|
|
|
|
| LEADER |
00998nam a2200265 i 4500 |
| 001 |
28923 |
| 003 |
BD-DhAAL |
| 005 |
20150226114416.0 |
| 008 |
150226s1977 ilu 000 0 eng |
| 010 |
|
|
|a 76057922
|
| 020 |
|
|
|a 0226115992
|
| 040 |
|
|
|a DLC
|c DLC
|d DLC
|d BD-DhAAL
|
| 050 |
0 |
0 |
|a LA229
|b .C68
|
| 082 |
0 |
0 |
|a 378.73
|
| 100 |
1 |
|
|a Cottle, Thomas J.
|9 8796
|
| 245 |
1 |
0 |
|a College :
|b reward and betrayal /
|c Thomas J. Cottle.
|
| 260 |
|
|
|a Chicago :
|b University of Chicago Press,
|c c1977.
|
| 300 |
|
|
|a viii, 190 p. ;
|c 23 cm.
|
| 541 |
|
|
|e 28923
|
| 650 |
|
0 |
|a Education, Higher
|z United States.
|9 8797
|
| 650 |
|
0 |
|a College students
|z United States.
|9 8798
|
| 650 |
|
0 |
|a Academic achievement
|z United States.
|9 8799
|
| 942 |
|
|
|2 ddc
|c BK
|
| 999 |
|
|
|c 33800
|d 33800
|
| 952 |
|
|
|0 0
|1 0
|2 ddc
|4 0
|6 378_730000000000000_COT
|7 0
|9 52781
|a BRACUL
|b BRACUL
|c GEN
|d 2015-02-26
|e BRAC Institute of Language (BIL)
|l 1
|m 1
|o 378.73 COT
|p 3010028923
|r 2024-02-05
|s 2024-01-22
|t 1
|w 2015-02-26
|y BK
|x Transferred from BIL to BRACUL on 06/06/22
|